000 00651nam a2200181 i 4500
001 145634
003 ES-MaACL
005 20231205181756.0
007 t|
008 071015s1967 sp ||||1| spa d
100 1 _aVerlinden, Charles.
_9114145
245 1 0 _aCristobal Colón y el descubrimiento de América /
_cCharles Verlinden ; [traducción y ampliación del texto original... por Florentino Pérez Embid].
260 _aMadrid :
_bRialp,
_c[1967]
300 _a215 p., 7 lám., 2 map. pleg. ;
_c25 cm.
700 1 _aPérez-Embid, Florentino,
_d1918-1974
_990840
852 _aES-MaACL
_jC-32242
_bR.62824
999 _c145634
_d145634